Entry Nombre personal
001 - NÚMERO DE CONTROL
- campo de control: 107273
003 - IDENTIFICADOR DE NÚMERO DE CONTROL
- campo de control: SpMaBN
005 - FECHA Y HORA DE LA ÚLTIMA TRANSACCIÓN
- campo de control: 20250730151435.0
008 - ELEMENTOS DE DATO DE LONGITUD-FIJA
- campo de control de longitud fija: 921117n| aijnnaabn |n aac
016 ## - NÚMERO DE CONTROL DE UNA AGENCIA BIBLIOGRÁFICA NACIONAL
- Número de control del registro: BNE19925945632
040 ## - FUENTE DE CATALOGACIÓN
- Centro catalogador/agencia de origen: SpMaBN
- Lengua de catalogación: spa
- Centro/agencia transcriptor: SpMaBN
- Normas de descripción: rdc
- Convención/Normas de encabezamiento de materia/tesauro: embne
046 ## - FECHAS CON CODIFICACIÓN ESPECIAL
- Fecha de nacimiento: 1956
100 1# - ENCABEZAMIENTO-NOMBRE DE PERSONA
- Nombre de persona: Sommer-Mathis, Andrea,
- Fechas asociadas al nombre: 1956-
670 ## - FUENTE DE DATOS ENCONTRADOS
- Cita de la fuente: Velázquez, 2013
- Información encontrada: port. (Andrea Sommer-Mathis)
670 ## - FUENTE DE DATOS ENCONTRADOS
- Cita de la fuente: WWW DNB GND, 4-3-2014
- Información encontrada: (Sommer-Mathis, Andrea; 1956-)
